Normal view MARC view
  • Izzud – Din Pal

Entry Personal Name

Number of records used in: 1

001 - CONTROL NUMBER

  • control field: 13349

003 - CONTROL NUMBER IDENTIFIER

  • control field: NUST

005 - DATE AND TIME OF LATEST TRANSACTION

  • control field: 20190125131707.0

008 - FIXED-LENGTH DATA ELEMENTS

  • fixed length control field: 190125|| aca||aabn | a|a d

040 ## - CATALOGING SOURCE

  • Original cataloging agency: NUST
  • Transcribing agency: NUST

100 ## - HEADING--PERSONAL NAME

  • Personal name: Izzud – Din Pal

670 ## - SOURCE DATA FOUND

  • Source citation: Work cat.: (NUST): Izzud – Din Pal, Islam and the Economy of Pakistan A Critical Analysis of Traditional Interpretation
© 2023 Central Library, National University of Sciences and Technology. All Rights Reserved.